| 000 | 00561nam a2200193 a 4500 | ||
|---|---|---|---|
| 005 | 20140310183356.0 | ||
| 008 | 121025s19uu xx 00 eng d | ||
| 020 | _a9781906716141 | ||
| 050 |
_aP 116 _b.B37 2011 |
||
| 100 | _aBeaken, Mike | ||
| 245 |
_aThe making of language / _cMike Beaken. |
||
| 260 |
_aEdinburgh, Scotland : _bDunedin Academic Press, _c2011. |
||
| 300 |
_a239 p. : _c23 cm. |
||
| 500 | _aIncludes bibliography and index. | ||
| 650 |
_aLanguage and languages _xOrigin |
||
| 650 | _aLanguage | ||
| 942 |
_cBK _2lcc _kFOR |
||
| 999 |
_c22224 _d22224 |
||